<?xml version="1.0" encoding="UTF-8"?>
<record
    xmlns:xsi="http://www.w3.org/2001/XMLSchema-instance"
    xsi:schemaLocation="http://www.loc.gov/MARC21/slim http://www.loc.gov/standards/marcxml/schema/MARC21slim.xsd"
    xmlns="http://www.loc.gov/MARC21/slim">

  <leader>01652nam a2200349 a 4500</leader>
  <controlfield tag="001">BRCA_5023</controlfield>
  <controlfield tag="005">20190320204916.0</controlfield>
  <controlfield tag="008">011110s1786----mx-######v---#000-0#spa-#</controlfield>
  <datafield tag="041" ind1=" " ind2=" ">
    <subfield code="a">spa</subfield>
  </datafield>
  <datafield tag="044" ind1=" " ind2=" ">
    <subfield code="a">mx</subfield>
  </datafield>
  <datafield tag="084" ind1=" " ind2=" ">
    <subfield code="a">DOC90</subfield>
    <subfield code="b">.B67</subfield>
    <subfield code="c">1786</subfield>
  </datafield>
  <datafield tag="100" ind1="1" ind2=" ">
    <subfield code="a">Borda, Manuel de la</subfield>
    <subfield code="9">12816</subfield>
  </datafield>
  <datafield tag="245" ind1="1" ind2="0">
    <subfield code="a">Documento que avala la venta de una casa a favor de Don Manuel de la Borda</subfield>
    <subfield code="c">Manuel de la Borda ; Manuel Clavijo ; Mar&#xED;a Josefa de Oviedo.</subfield>
  </datafield>
  <datafield tag="260" ind1=" " ind2=" ">
    <subfield code="a">M&#xE9;xico</subfield>
    <subfield code="c">1786</subfield>
  </datafield>
  <datafield tag="300" ind1=" " ind2=" ">
    <subfield code="a">[16] fojas</subfield>
    <subfield code="c">31 x 21 cm.</subfield>
  </datafield>
  <datafield tag="500" ind1=" " ind2=" ">
    <subfield code="a">Documento firmado el 5 de mayo de 1786.</subfield>
  </datafield>
  <datafield tag="500" ind1=" " ind2=" ">
    <subfield code="a">Venta de una casa que otorg&#xF3; Don Manuel Mar&#xED;a Clavijo y Mora como albacea de Mar&#xED;a Josefa de Oviedo a favor del Doctor Manuel de la Borda.</subfield>
  </datafield>
  <datafield tag="500" ind1=" " ind2=" ">
    <subfield code="a">Contiene sello  con el escudo de la casa de Borb&#xF3;n y lema: &#xB4;SELLO SEGUNDO. SEIS REALES. A&#xD1;OS DE MIL SETECIENTOS OCHENTA Y SIETE&#xB4;.</subfield>
  </datafield>
  <datafield tag="500" ind1=" " ind2=" ">
    <subfield code="a">Contiene la leyenda en tinta morada: Maria Josefa Oviedo.</subfield>
  </datafield>
  <datafield tag="500" ind1=" " ind2=" ">
    <subfield code="a">El documento contiene la leyenda DOC.# 250.</subfield>
  </datafield>
  <datafield tag="500" ind1=" " ind2=" ">
    <subfield code="a">Papel con marca de agua.</subfield>
  </datafield>
  <datafield tag="500" ind1=" " ind2=" ">
    <subfield code="a">Estado de conservaci&#xF3;n: contiene peque&#xF1;as lagunas provocadas por insectos y los margenes deteriorados.</subfield>
  </datafield>
  <datafield tag="506" ind1="0" ind2=" ">
    <subfield code="a">Fondo Reservado. Para su consulta es necesario credencial de usuario y carta de motivos.</subfield>
  </datafield>
  <datafield tag="546" ind1=" " ind2=" ">
    <subfield code="a">Texto en: Espa&#xF1;ol de finales del siglo XVIII.</subfield>
  </datafield>
  <datafield tag="600" ind1="1" ind2="4">
    <subfield code="a">Borda, Manuel de la</subfield>
    <subfield code="x">Historia</subfield>
    <subfield code="9">12714</subfield>
  </datafield>
  <datafield tag="650" ind1="1" ind2="4">
    <subfield code="a">Compraventa de bienes ra&#xED;ces</subfield>
    <subfield code="v">Manuscritos</subfield>
    <subfield code="z">M&#xE8;xico</subfield>
    <subfield code="9">12817</subfield>
  </datafield>
  <datafield tag="651" ind1=" " ind2="4">
    <subfield code="a">M&#xE9;xico</subfield>
    <subfield code="x">Historia</subfield>
    <subfield code="y">Colonia, 1521-1821</subfield>
    <subfield code="9">12461</subfield>
  </datafield>
  <datafield tag="700" ind1="1" ind2=" ">
    <subfield code="a">Clavijo, Manuel Mar&#xED;a</subfield>
    <subfield code="9">12818</subfield>
  </datafield>
  <datafield tag="700" ind1="1" ind2=" ">
    <subfield code="a">Oviedo, Mar&#xED;a Josefa de</subfield>
    <subfield code="9">12819</subfield>
  </datafield>
  <datafield tag="902" ind1=" " ind2=" ">
    <subfield code="a">FDH</subfield>
  </datafield>
  <datafield tag="942" ind1=" " ind2=" ">
    <subfield code="2">lcc</subfield>
    <subfield code="c">D</subfield>
  </datafield>
  <datafield tag="999" ind1=" " ind2=" ">
    <subfield code="c">4717</subfield>
    <subfield code="d">4717</subfield>
  </datafield>
  <datafield tag="952" ind1=" " ind2=" ">
    <subfield code="0">0</subfield>
    <subfield code="1">0</subfield>
    <subfield code="4">0</subfield>
    <subfield code="7">0</subfield>
    <subfield code="a">BRCA</subfield>
    <subfield code="b">BRCA</subfield>
    <subfield code="d">2010-11-01</subfield>
    <subfield code="l">0</subfield>
    <subfield code="o">DOC90 .B67 1786</subfield>
    <subfield code="p">5111</subfield>
    <subfield code="r">2019-03-22 00:00:00</subfield>
    <subfield code="w">2019-03-22</subfield>
    <subfield code="y">D</subfield>
  </datafield>
</record>
